000 00307nam a22001337a 4500
008 171003b xxu||||| |||| 00| 0 eng d
020 _a9780073228822
041 _aeng
080 _29 ED
_a159.9
100 _a48
101 _aPSI
245 _aPSYCHOLOGY AN INTRODUCTION
_cLAHEY.B.B
942 _2udc
_cBK
999 _c31507
_d31507